000 00327 a2200109 4500
001 ART_11266
005 20260410161855.0
008 260409a
245 1 0 _aLos Factores de Riesgo de una Empresa
100 1 _aAlvarez, Héctor Felipe
773 0 _tRevista de Economía
_g- Nº 55 (abr./jun. 1989)
_wREV11077
999 _c25410
_d25410